000 00324 a2200157 4500
001 188273
020 _a
040 _cMagnum
100 _aAlves, Geraldo Magela
240 1 0 _aBoi bumba bolo
_lpor
245 1 0 _aBoi bumba bolo
300 _a22
362 0 _a2006
697 _aLITERATURA INFANTO-JUVENIL
942 _cBK
999 _c188273
_d188273